000 01357cam a2200157 4500500
005 20260329043119.0
041 _afre
042 _adc
100 1 0 _aFamerie, Étienne
_eauthor
700 1 0 _aBodson, Arthur
_eauthor
700 1 0 _aDubuisson, Michel
_eauthor
245 0 0 _aMéthode de langue latine
260 _bArmand Colin,
_c2023.
520 _aCe livre a une double ambition : permettre aux étudiants de premier cycle de lettres qui ont abandonné le latin dans le secondaire de se remettre à niveau ; mais aussi offrir à l’étudiant e histoire, en philosophie ou dans une autre discipline, une méthode pour acquérir rapidement avec l’aide d’un dictionnaire et d’une grammaire les connaissances nécessaires à la compréhension des textes latins qu’il peut avoir à déchiffrer. L’objectif premier de ce livre est donc essentiellement d’apprendre à traduire un texte latin en français. L’ouvrage présente ainsi un exposé relativement complet des structures de base du latin à l’usage de ceux qui ne l’ont jamais ou peu étudié et qui désirent avoir un accès direct aux textes. Il propose de nombreux exercices accompagnés de leur corrigé et un choix de textes avec leur traduction.
856 4 1 _uhttps://shs.cairn.info/methode-de-langue-latine-3e-ed--9782200637163?lang=fr&redirect-ssocas=7080
999 _c1983113
_d1983113